Teoretické modely financovania vysokoškolského vzdelávania a ich aplikácia v praxi

Modely financovania vysokoškolského vzdelávania z pohľadu teórie a praxe. Daňové financovanie kombinované so školným plateným vopred. Financovanie prostredníctvom odloženého školného. Pôžičky splácané v závislosti od výšky príjmu. Systém odloženého školného prostredníctvom zmlúv o investovaní do ľud...

Full description

Saved in:
Bibliographic Details
Main Author: Belkovicsová, Daša, 1982-
Format: Book Chapter
Language:Slovak
Subjects:
Tags: Add Tag
No Tags, Be the first to tag this record!

MARC

LEADER 00000nla$a2200000$$$4500
001 0123842
005 20240502072410.8
041 0 |a slo 
044 |a SK 
245 1 0 |a Teoretické modely financovania vysokoškolského vzdelávania a ich aplikácia v praxi  |c Daša Belkovicsová 
520 |a Modely financovania vysokoškolského vzdelávania z pohľadu teórie a praxe. Daňové financovanie kombinované so školným plateným vopred. Financovanie prostredníctvom odloženého školného. Pôžičky splácané v závislosti od výšky príjmu. Systém odloženého školného prostredníctvom zmlúv o investovaní do ľudského kapitálu. Odložené školné prostredníctvom tzv. absolventskej dane. 
610 2 0 |a vzdelávanie vysokoškolské 
610 2 0 |a financovanie 
610 2 0 |a financie 
610 2 0 |a dane 
610 2 0 |a náklady 
610 2 0 |a študenti 
610 2 0 |a pôžičky 
610 2 0 |a svet 
100 1 |a Belkovicsová, Daša, 1982-